书目信息 |
| 题名: |
通用电气"群策群力"
|
|
| 作者: | 尤里奇 , 克尔 , 阿什肯纳斯 著 ;柏满迎 , 牟未丹 , 史鹏 译 | |
| 分册: | ||
| 出版信息: | 北京 中国财政经济出版社 2003.06 |
|
| 页数: | 252页 | |
| 开本: | 24cm | |
| 丛书名: | 财经易文 | |
| 单 册: | ||
| 中图分类: | F270 | |
| 科图分类: | ||
| 主题词: | 企业管理 | |
| 电子资源: | ||
| ISBN: | 978-7-5005-6513-0 | |
| 000 | 01268nam 2200325 450 | |
| 001 | 002381192 | |
| 005 | 20100805090107.73 | |
| 010 | @a978-7-5005-6513-0@dCNY39.80 | |
| 100 | @a20100515d2003 em y0chiy50 ea | |
| 101 | 1 | @achi@ceng |
| 102 | @aCN@b110000 | |
| 105 | @ay z 000yy | |
| 200 | 1 | @a通用电气"群策群力"@Atong yong dian qi"qun ce qun li"@f达夫·尤里奇, 史蒂夫·克尔, 罗恩·阿什肯纳斯著@Fda fu·you li qi,shi di fu·ke er,luo en·a shen ken na si zhu@g柏满迎, 牟未丹, 史鹏译@Gbai man ying,mu wei dan,shi peng yi |
| 210 | @a北京@c中国财政经济出版社@d2003.06 | |
| 215 | @a252页@d24cm | |
| 225 | 2 | @a财经易文 |
| 306 | @a与美国麦格劳-希尔教育出版集团合作出版 | |
| 330 | @a本书从独一无二的角度提出了“群策群力”,它提供了许多工作表、工具和案例分析,有助于您的组织通过通用电气公司率先实施的“群策群力”,发掘员工的智慧,克服官僚主义。 | |
| 410 | 0 | @12001 @a财经易文 |
| 601 | 02 | @a通用电气公司@x工业企业管理@x经验 |
| 606 | 0 | @a企业管理 |
| 690 | @aF270@v4 | |
| 701 | 1 | @a尤里奇@Ayou li qi@g(Ulrich, Dave)@4著 |
| 701 | 1 | @a克尔@Ake er@4著 |
| 701 | 1 | @a阿什肯纳斯@Aa shen ken na si@4著 |
| 702 | 0 | @a柏满迎@Abai man ying@4译 |
| 702 | 0 | @a牟未丹@Amu wei dan@4译 |
| 702 | 0 | @a史鹏@Ashi peng@4译 |
| 801 | @c20100515 | |
| 905 | @dF270@eY666@f5 | |
| 通用电气"群策群力"/达夫·尤里奇, 史蒂夫·克尔, 罗恩·阿什肯纳斯著/柏满迎, 牟未丹, 史鹏译.-北京:中国财政经济出版社,2003.06 |
| 252页;24cm.-(财经易文) |
| ISBN 978-7-5005-6513-0:CNY39.80 |
| 本书从独一无二的角度提出了“群策群力”,它提供了许多工作表、工具和案例分析,有助于您的组织通过通用电气公司率先实施的“群策群力”,发掘员工的智慧,克服官僚主义。 |
| ● |
| 相关链接 |
|
|
|
正题名:通用电气"群策群力"
索取号:F270/Y666
 
预约/预借
| 序号 | 登录号 | 条形码 | 馆藏地/架位号 | 状态 | 备注 |
| 1 | 995568 | 209955681 | 社科二线422/422社科库 29排2列1层/ [索取号:F270/Y666] | 在馆 | |
| 2 | 995569 | 209955690 | 社科二线422/422社科库 29排2列1层/ [索取号:F270/Y666] | 在馆 | |
| 3 | 995570 | 209955707 | 社科库409/409社科库 85排3列2层/ [索取号:F270/Y666] | 在馆 | |
| 4 | 995571 | 209955716 | 社科二线422/422社科库 29排2列1层/ [索取号:F270/Y666] | 在馆 | |
| 5 | 995572 | 209955725 | 社科二线422/409社科库 85排3列2层/ [索取号:F270/Y666] | 在馆 |